Scottsdale / (Record no. 844)

MARC details
000 -LEADER
fixed length control field 01117cam a2200313 a 4500
005 - DATE AND TIME OF LATEST TRANSACTION
control field 20260322212036.0
008 - FIXED-LENGTH DATA ELEMENTS--GENERAL INFORMATION
fixed length control field data
010 ## - LIBRARY OF CONGRESS CONTROL NUMBER
LC control number 2006935207
020 ## - INTERNATIONAL STANDARD BOOK NUMBER
International Standard Book Number 0738548758 (pbk.)
020 ## - INTERNATIONAL STANDARD BOOK NUMBER
International Standard Book Number 9780738548753 (pbk.)
040 ## - CATALOGING SOURCE
Original cataloging agency DLC
Transcribing agency DLC
Modifying agency DLC
043 ## - GEOGRAPHIC AREA CODE
Geographic area code n-us-az
050 00 - LIBRARY OF CONGRESS CALL NUMBER
Classification number F819.S37
Item number F64 2007
082 00 - DEWEY DECIMAL CLASSIFICATION NUMBER
Classification number 979.1/73
Edition information 22
092 ## - LOCALLY ASSIGNED DEWEY CALL NUMBER (OCLC)
Classification number 979.1 F64 2007
001 - CONTROL NUMBER
control field data
100 1# - MAIN ENTRY--PERSONAL NAME
Personal name Fudala, Joan.
245 10 - TITLE STATEMENT
Title Scottsdale /
Statement of responsibility, etc. Joan Fudala & Arizona Historical Foundation.
260 ## - PUBLICATION, DISTRIBUTION, ETC.
Place of publication, distribution, etc. Charleston, SC :
Name of publisher, distributor, etc. Arcadia Pub.,
Date of publication, distribution, etc. c2007.
300 ## - PHYSICAL DESCRIPTION
Extent 127 p. :
Other physical details ill. ;
Dimensions 24 cm.
490 0# - SERIES STATEMENT
Series statement Images of America
500 ## - GENERAL NOTE
General note "[Published] ... in partnership with the Arizona Historical Foundation--P. [4] of cover.
504 ## - BIBLIOGRAPHY, ETC. NOTE
Bibliography, etc. note Includes bibliographical references (p. 127).
651 #0 - SUBJECT ADDED ENTRY--GEOGRAPHIC NAME
Geographic name Scottsdale (Ariz.)
General subdivision History
Form subdivision Pictorial works.
651 #0 - SUBJECT ADDED ENTRY--GEOGRAPHIC NAME
Geographic name Scottsdale (Ariz.)
General subdivision Social life and customs
Form subdivision Pictorial works.
651 #0 - SUBJECT ADDED ENTRY--GEOGRAPHIC NAME
Geographic name Scottsdale (Ariz.)
Form subdivision Pictorial works.
-- Pictorial works.
710 2# - ADDED ENTRY--CORPORATE NAME
Corporate name or jurisdiction name as entry element Arizona Historical Foundation.
856 41 - ELECTRONIC LOCATION AND ACCESS
Materials specified Table of contents only
Uniform Resource Identifier <a href="http://www.loc.gov/catdir/toc/fy0712/2006935207.html">http://www.loc.gov/catdir/toc/fy0712/2006935207.html</a>
Holdings
Withdrawn status Lost status Damaged status Not for loan Home library Current library Shelving location Date acquired Total checkouts Full call number Barcode Date last seen Price effective from Koha item type
        Pleasant Valley Pleasant Valley General stacks 22/03/2026   979.1/73 22 BC0010869 22/03/2026 22/03/2026 Books